Statistiken für Hauptstädte, die mit N beginnen

Klicken Sie hier um das Quiz zu spielen!

Allgemein

  • Dieses Quiz wurde 845 mal gespielt
  • Das Durchschnittsergebnis liegt bei 5 aus 9

Antwortstatistiken

Hauptstädte% Korrekt
Nairobi
82%
Nassau
69%
Niamey
63%
Neu-Delhi
54%
N'Djamena
52%
Nikosia
50%
Nouakchott
50%
Nuku'alofa
43%
Naypyidaw
40%

Verteilung der Resultate

Perzentil nach korrekt beantworteten Fragen

Anzahl Personen mit jedem Resultat

Ihre Resultats-Entwicklung

Sie haben dieses Quiz noch nicht gespielt